00429nam a2200157Ia 45000010006000000050017000060080041000230410008000640820015000721000034000872450097001212600009002183000028002276500008002556540008002632058220260306172816.0260306t2005||||xx |||||||||||||| ||spa|| aESP a343.4bP78 aPortela, Jorge GuillermoeAUT 0aLa justificación iusnaturalista de la desobediencia civil y de la objeción de conciencia c2005 a261 páginas :c23 cm. aGEN aCDE